Vplyv COVID-19 na vybrané ukazovatele kúpeľných podnikov v Slovenskej republike

Cieľom príspevku je zistiť vplyv pandémie COVID-19 na vybrané ukazovatele výkonnosti kúpeľných podnikov na Slovensku. V príspevku sú použité metódy analýzy časových radov, ako je rýchlosť rastu a základný index. Objem generovaných tržieb, počet voľných lôžok, počet prenocovaní, počet návštevníkov a...

Ausführliche Beschreibung

Gespeichert in:
Bibliographische Detailangaben
1. Verfasser: Čakanišin, Adrián, 1997-
Format: Buchkapitel
Sprache:Slowakisch
Schlagworte:
Tags: Tag hinzufügen
Keine Tags, Fügen Sie das erste Tag hinzu!

MARC

LEADER 00000naa$a2200000$$$4500
001 0298646
005 20250211075401.7
041 0 |a slo 
044 |a SK 
245 1 0 |a Vplyv COVID-19 na vybrané ukazovatele kúpeľných podnikov v Slovenskej republike  |c Adrián Čakanišin 
520 |a Cieľom príspevku je zistiť vplyv pandémie COVID-19 na vybrané ukazovatele výkonnosti kúpeľných podnikov na Slovensku. V príspevku sú použité metódy analýzy časových radov, ako je rýchlosť rastu a základný index. Objem generovaných tržieb, počet voľných lôžok, počet prenocovaní, počet návštevníkov a iné tvoria databázu, ktorá je spracovaná v tomto príspevku. 
610 2 0 |a pandémia 
610 2 0 |a kúpeľníctvo 
610 2 0 |a ruch cestovný 
610 2 0 |a Slovensko 
610 2 0 |a kríza 
100 1 |a Čakanišin, Adrián, 1997-